000 00660nam a2200205 a 4500
001 000017389
003 DO-SdBNP
005 20240412074247.0
008 100324s1954 dr r 000 f spa d
040 _aDO-SdBNP
_bspa
_cBNPHU
082 4 _aRD863.44
_bR758g
_222
100 1 _aRomán, Miguel Alberto
_938068
245 1 0 _aGente de portal /
_cMiguel Alberto Román.
260 _aCiudad Trujillo, República Dominicana :
_bImpresora Dominicana,
_c1954.
300 _a350 p. ;
_c23 cm.
650 0 _aNovela histórica dominicana.
_9860
650 0 _aLiteratura dominicana.
_967
651 4 _aRepública Dominicana
_xHistoria
_xNovela
_910015
942 _2ddc
_cLBS1
999 _c16914
_d16914